000 00492nam a2200181Ia 4500
005 20250508152730.0
008 008 250505s9999 xx 000 0 eng d
037 _aTextual
040 _aFEDL
_beng
_cFEDL
041 _aeng
_2eng
084 _a745.56, LEE
_qFEDL
100 _aLeeming Joseph
_949865
245 0 _aFun with wire
260 _aPhiladelaphia, USA
_bJ B Lippincott Company
_c1956
300 _a96p.
942 _cTEXL
_h745.56, LEE
999 _c1338379
_d1338379